000 00729nam a2200205Ia 4500
003 GCL
008 140319s9999 xx 000 0 ara d
040 _aGCL /
_cGCL
082 0 4 _a345.05
_bع م
100 1 _aعبدالحميد الشواربى
_vPurified
_@
…هذب
245 1 0 _aالمسئولية الجنائية فى قانون العقوبات والاجراءات المدنية /
_cعبدالحميد الشواربى
700 1 _aعزالدين الدناصورى
260 _a[S.N] :
_bدار المطبوعات الجامعية
300 _a1645 ص
490 _a
650 0 4 _aالقانون الجنائى
650 0 4 _aالقانون
650 0 4 _aقانون العقوبات
942 _2ddc
_cBK
999 _c54748
_d54748